000 01257cam a22003618a 4500
001 16992386
003 OSt
005 20150408114134.0
008 111004s2012 stk b 001 0 eng
010 _a 2011041580
020 _a9780702043550
035 _a(DNLM)101570540
040 _aDNLM/DLC
_cDLC
042 _apcc
060 1 0 _aWB 275
082 0 0 _a611
_223
100 1 _aField, Derek.
_910248
245 1 0 _aField's anatomy, palpation, and surface markings /
_cDerek Field, Jane O. Hutchinson ; illustrations by Derek Field and Antbits.
246 1 _aAnatomy, palpation, and surface markings
250 _a5th ed.
260 _aEdinburgh :
_bChurchill Livingstone/Elsevier,
_c2012.
263 _a1209
300 _ap. ;
_ccm.
500 _aEvolve learning resources for students and lecturers.
504 _aIncludes bibliographical references and index.
505 0 _aPalpation : principles and practice -- The upper limb -- The lower limb -- The head and neck -- The thorax -- The abdomen.
650 1 2 _aPalpation
_xmethods.
650 2 2 _aAnatomy
_vAtlases.
650 2 2 _aPalpation
_vAtlases.
_910252
700 1 _aHutchinson, Jane S. Owen.
_936102
906 _a7
_bcbc
_corignew
_d1
_eecip
_f20
_gy-gencatlg
942 _2ddc
_cBOOK
999 _c30129
_d264629